Музейни експозиции и стандарти: поглед напред (Запис номер 205261)
[ съкратено ]
| 000 -Лидер | |
|---|---|
| Контролно поле с фиксирана дължина | 02610nam a2200481 a 4500 |
| 003 - Код на организацията, давaща контролен номер | |
| Контролно поле | BLK |
| 005 - Дата и час на последна редакция | |
| Контролно поле | 20250227102947.0 |
| 008 - Елементи от данни с фиксирана дължина | |
| fixed length control field | 180411b bul|||||r ||||||| ||bul|| |
| 010 ## - Наследен системен номер | |
| LC control number | KNG00214866000 |
| 020 ## - Международен стандартен номер на книга ISBN | |
| Международен стандартен номер на книга ISBN | 978-619-90613-2-9 |
| 040 ## - Източник на каталожния запис | |
| Идентификатор на билиотеката - собственик на записа | BLK |
| 041 ## - Код за език | |
| Код за езика на текст/звукозапис или на отделно заглавие | Български |
| Код за езика КДБФ | Български |
| 072 #7 - Код за тематичната категория | |
| Код организация | bullib |
| Код за тематична категория | Н00 |
| Текст | Общ отдел Н |
| 080 ## - УДК | |
| Текстов определител УДК | Цели и значение на музеите. Възпитателни задачи на музиете. Вж и 371.335 ; 379.822 |
| УДК код - определител по УДК | 069.1 |
| УДК определител | (497.2)(063) |
| УДК - код + определител | 069.1(497.2)(063) |
| 139 ## - Редно поле | |
| Редна дума | Музейни експозиции и стандарти: поглед напред |
| Авторски знак | Му - М 95 |
| 245 10 - Сведения за заглавието | |
| Заглавие | Музейни експозиции и стандарти: поглед напред |
| Подзаглавни данни | Докл. от конф., организирана от Двустранната бълг.-амер. комисия за опазване на културното наследство на България, София 28 и 29 ноем. 2016 : Прил. с докум. |
| Редно поле (дума) | състав. и науч. ред. Тодор Тодоров Петев; състав. и науч. ред. Анжела Джийн Родел; прев. Иван Велков. |
| 257 ## - Страна на издаване | |
| Страна на създаване/издаване | Сборници - Свят |
| 260 ## - Област на издателските данни | |
| Име на издателя, разпространителя и проч. | Фонд. Моят музей |
| Година на издаване | 2017 |
| 300 ## - Физическа характеристика | |
| Страници | 344 с. |
| Илюстрации и др. | с цв. ил. |
| Размери/Мащаб | 23 см |
| 380 ## - Жанр | |
| Жанр | Общ отдел |
| 500 ## - Общи забележки | |
| Забележка | Имената на прев. отбелязани на гърба на загл. с. - Сб. е изд. по проект, финансиран от Програма "Култура" на Столична община. - Съдържа и Прил. - Библиогр. след отд. докл. и под линия. |
| 650 #4 - Допълнително описание по предмет – тема | |
| Основно описание – тема или топоним | Музейно дело - България - конгреси, конференции, съвещания |
| 9 (RLIN) | 333487 |
| 651 #4 - Допълнително описание по предмет - топоним | |
| Географско понятие | България |
| 9 (RLIN) | 241624 |
| 653 ## - Ключова дума – ненормативна | |
| Ключова дума | музейно дело |
| 653 ## - Ключова дума – ненормативна | |
| Ключова дума | музейни експозиции |
| 653 ## - Ключова дума – ненормативна | |
| Ключова дума | конференции |
| 659 ## - Тематичен бюлетин | |
| Тематичен бюлетин | Н |
| 700 1# - Други автори (авторска отговорност) | |
| Лично име | Петев, Тодор Тодоров |
| Дати, свързани с автора | 1970 - |
| Друга информация | Изкуствовед, философ. |
| 9 (RLIN) | 108699 |
| 700 1# - Други автори (авторска отговорност) | |
| Лично име | Родел, Анжела Джийн |
| Автороска отговорност (Описва отношението между автора и произведението) | състав. и науч. ред. |
| 9 (RLIN) | 116574 |
| 700 1# - Други автори (авторска отговорност) | |
| Лично име | Велков, Иван |
| Автороска отговорност (Описва отношението между автора и произведението) | прев. |
| 9 (RLIN) | 386600 |
| 852 ## - Местоположение | |
| Форматна сигнатура | Цб 290158 |
| 852 ## - Местоположение | |
| Систематично-азбучна сигнатура | Ч 06/М 95 |
| Фондова буква | Читалня |
| 856 4# - Електронен адрес и достъп | |
| Електронен формат | pdf - файл |
| 856 4# - Електронен адрес и достъп | |
| Електронен формат | pdf - файл |
| 942 ## - АРТИКУЛИ | |
| Вид на библиотечния материал | Книги |
| Скрит в OPAC | Не |
| 944 ## - СЪЗДАВАНЕ И РЕДАКЦИЯ на ЗАПИСА | |
| Създаване/Редакция | Създаване |
| Дата на регистрацията/редакция | 16.12.2017 |
| Статус, дата на статуса | Геновева Генчева |
| Служител, извършил регистрацията/редакцията | 30560 |
| 944 ## - СЪЗДАВАНЕ И РЕДАКЦИЯ на ЗАПИСА | |
| Създаване/Редакция | Редакция |
| Дата на регистрацията/редакция | 24.01.2018 |
| Статус, дата на статуса | ф / |
| Служител, извършил регистрацията/редакцията | Людмила_Стоянова |
| 999 ## - СИСТЕМНИ КОНТРОЛНИ НОМЕРА | |
| Koha biblionumber | 205261 |
| Koha biblioitemnumber | 205261 |
| 999 ## - СИСТЕМНИ КОНТРОЛНИ НОМЕРА | |
| Koha biblioitemnumber | 205261 |
| 999 ## - СИСТЕМНИ КОНТРОЛНИ НОМЕРА | |
| Koha biblioitemnumber | 205261 |
| 999 ## - СИСТЕМНИ КОНТРОЛНИ НОМЕРА | |
| Koha biblioitemnumber | 205261 |
| 999 ## - СИСТЕМНИ КОНТРОЛНИ НОМЕРА | |
| Koha biblioitemnumber | 205261 |
| 999 ## - СИСТЕМНИ КОНТРОЛНИ НОМЕРА | |
| Koha biblioitemnumber | 205261 |
| Код за отписване | Код за изгубен артикул | Източник на класификационната схема | Код за повреда | Коз за рестрикции | Код за отдаване | Артикулен № | Име на библиотеката - собственик | Име на библиотеката, в която се намира в момента | Статус (Текущо местоположение) | Дата на вписване в системата | Местоположение - отдел | Цена в лева | Инвентарен номер | Систематично азбучна сигнатура | Баркод | Номер на екземпляра | Цена в евро | Служебна бележка | Служебен тип на артикула |
|---|---|---|---|---|---|---|---|---|---|---|---|---|---|---|---|---|---|---|---|
| Не е изгубен | Universal Decimal Classification | Не е повреден | без рестрикции | ползва се в читалня | 353494 | Регионална библиотека "Любен Каравелов" Русе | Регионална библиотека "Любен Каравелов" Русе | Читалня | 2017-12-14 | Читалня | 30.00 | 120000817934 | Ч 06/М 95 | 120000817934 | 1 | 15.34 | Дост: DA Вид: А N: 44 Дата: 14.12.2017 | Книги | |
| Не е изгубен | Universal Decimal Classification | Не е повреден | без рестрикции | ползва се в читалня | 680351 | Регионална библиотека "Любен Каравелов" Русе | Регионална библиотека "Любен Каравелов" Русе | Хранилище | 2018-09-15 | Хранилище | 30.00 | 120000823314 | Цб 290158 | 120000823314 | 15.34 | Книги |